[Event "Schwarzach op-B"]
[Site "Schwarzach"]
[Date "2009.08.21"]
[Round "7"]
[White "Cahillane, Felix"]
[Black "Garrapa, Gianluigi"]
[Result "1-0"]
[WhiteElo "1927"]
[BlackElo "2003"]
[PlyCount "99"]
[EventDate "2009.08.15"]
[EventType "swiss"]
[EventRounds "9"]
[EventCountry "AUT"]
[SourceTitle "CBM 132 Extra"]
[Source "ChessBase"]
[SourceDate "2009.11.03"]
[SourceVersion "1"]
[SourceVersionDate "2009.11.03"]
[SourceQuality "1"]

1. d4 d5 2. Nf3 Nf6 3. e3 e6 4. c4 c6 5. Nc3 Nbd7 6. Bd3 dxc4 7. Bxc4 b5 8. Bb3 a6 9. 0-0 c5 10. dxc5 Bxc5 11. Ng5 0-0 12. Nge4 Qb6 13. Nxc5 Nxc5 14. Bc2 Bb7 15. b4 Ncd7 16. Bb2 Rac8 17. Rc1 Rfd8 18. Qe2 Rc4 19. a3 Rdc8 20. Bb3 Rh4 21. f3 Rh5 22. Qd2 Ne5 23. Ne2 Rd8 24. Bd4 Qd6 25. Ng3 Rh6 26. Qc3 Nc6 27. Bxf6 gxf6 28. Rfd1 Qe7 29. Rxd8+ Qxd8 30. Rd1 Qe7 31. Ne4 Ne5 32. Nc5 Qc7 33. Qd2 Kg7 34. Qd6 Qc8 35. Qe7 Ba8 36. Nxe6+ Kg6 37. Qc7 Qe8 38. Bc2+ f5 39. Bxf5+ Kf6 40. Nd4 Bd5 41. Qd6+ Be6 42. Nxe6 fxe6 43. Be4 Qh5 44. h3 Kg7 45. Rc1 Nf7 46. Qg3+ Kf6 47. Qf4+ Ke7 48. Rc7+ Kf8 49. g4 e5 50. Rxf7+ 1-0

[Event "Schwarzach op-B"]
[Site "Schwarzach"]
[Date "2009.08.15"]
[Round "1"]
[White "Draeger, Klaus"]
[Black "Garrapa, Gianluigi"]
[Result "0-1"]
[WhiteElo "1829"]
[BlackElo "2003"]
[PlyCount "54"]
[EventDate "2009.08.15"]
[EventType "swiss"]
[EventRounds "9"]
[EventCountry "AUT"]
[SourceTitle "CBM 132 Extra"]
[Source "ChessBase"]
[SourceDate "2009.11.03"]
[SourceVersion "1"]
[SourceVersionDate "2009.11.03"]
[SourceQuality "1"]

1. e4 e5 2. d4 exd4 3. c3 d5 4. exd5 Nf6 5. c4 c5 6. dxc6 Nxc6 7. Bd3 Bd6 8. Nf3 0-0 9. 0-0 Bg4 10. Nbd2 Qd7 11. a3 a5 12. Qc2 Rac8 13. Ng5 h6 14. Nge4 Nxe4 15. Nxe4 Be7 16. Bf4 f5 17. Ng3 g5 18. Bd2 Ne5 19. f3 f4 20. fxg4 fxg3 21. hxg3 Qxg4 22. Bf5 Qxg3 23. Bxc8 d3 24. Be6+ Kg7 25. Qd1 Bc5+ 26. Kh1 g4 27. Be1 Rxf1# 0-1

[Event "Porto San Giorgio op 20th"]
[Site "Porto San Giorgio"]
[Date "2008.08.28"]
[Round "8"]
[White "Garrapa, Gianluigi"]
[Black "Rinaudo, Sergio"]
[Result "0-1"]
[WhiteElo "2041"]
[BlackElo "2116"]
[PlyCount "70"]
[EventDate "2008.08.21"]
[EventType "swiss"]
[EventRounds "9"]
[EventCountry "ITA"]
[SourceTitle "CBM 126 Extra"]
[Source "ChessBase"]
[SourceDate "2008.11.05"]
[SourceVersion "1"]
[SourceVersionDate "2008.11.05"]
[SourceQuality "1"]

1. e4 e5 2. Nf3 Nf6 3. Nxe5 d6 4. Nf3 Nxe4 5. d4 d5 6. Bd3 Nc6 7. 0-0 Be7 8. c4 Nb4 9. Be2 dxc4 10. Bxc4 0-0 11. Nc3 Nd6 12. Bb3 Bg4 13. h3 Bh5 14. Bf4 Bf6 15. g4 Bg6 16. Ne5 Re8 17. a3 Bxe5 18. dxe5 Nd3 19. exd6 Nxf4 20. d7 Re7 21. Qf3 Nd3 22. Rad1 Rxd7 23. Ne4 c6 24. Bc2 Ne5 25. Qe2 Qh4 26. Kg2 Re7 27. Rfe1 h5 28. f4 Bxe4+ 29. Qxe4 Ng6 30. Qb4 Rxe1 31. Rxe1 Nxf4+ 32. Kf3 Nxh3 33. Rf1 Re8 34. Bf5 g6 35. Bd7 Ng5+ 0-1

[Event "Schwarzach op-B 20th"]
[Site "Schwarzach"]
[Date "2005.08.27"]
[Round "8.10"]
[White "Feichtenschlager, Josef"]
[Black "Garrapa, Gianluigi"]
[Result "0-1"]
[WhiteElo "1926"]
[BlackElo "1965"]
[PlyCount "54"]
[EventDate "2005.08.20"]
[EventType "swiss"]
[EventRounds "9"]
[EventCountry "AUT"]
[SourceTitle "EXT 2024"]
[Source "ChessBase"]
[SourceDate "2023.10.10"]
[SourceVersion "1"]
[SourceVersionDate "2023.10.10"]
[SourceQuality "1"]

1. d4 d5 2. Nf3 Nf6 3. c4 c6 4. Nc3 e6 5. Bg5 Nbd7 6. e3 Be7 7. Rc1 0-0 8. Bd3 a6 9. a3 dxc4 10. Bxc4 b5 11. Bd3 c5 12. 0-0 Bb7 13. Ne2 c4 14. Bb1 Rc8 15. Nc3 Re8 16. Qe2 Nd5 17. Bxe7 Nxc3 18. Rxc3 Qxe7 19. Re1 e5 20. Bf5 Bxf3 21. Qxf3 exd4 22. Qh3 Nf8 23. Rcc1 Rcd8 24. e4 d3 25. Re3 Qe5 26. Rf3 Qxb2 27. Rf1 g6 0-1

[Event "Schwarzach op-B 20th"]
[Site "Schwarzach"]
[Date "2005.08.22"]
[Round "4.3"]
[White "Buehler, Florian"]
[Black "Garrapa, Gianluigi"]
[Result "1/2-1/2"]
[WhiteElo "1938"]
[BlackElo "1965"]
[PlyCount "87"]
[EventDate "2005.08.20"]
[EventType "swiss"]
[EventRounds "9"]
[EventCountry "AUT"]
[SourceTitle "EXT 2024"]
[Source "ChessBase"]
[SourceDate "2023.10.10"]
[SourceVersion "1"]
[SourceVersionDate "2023.10.10"]
[SourceQuality "1"]

1. c4 c6 2. d4 d5 3. Nc3 Nf6 4. Bg5 e6 5. Nf3 Be7 6. e3 Nbd7 7. cxd5 exd5 8. Bd3 0-0 9. Qc2 Re8 10. 0-0 Nf8 11. a3 a5 12. Bxf6 Bxf6 13. b4 Bg4 14. Nd2 Qd6 15. Qb2 b6 16. Be2 Bxe2 17. Nxe2 c5 18. b5 Rac8 19. Nf3 c4 20. Nc3 g6 21. Qc2 Bg7 22. Rfe1 f5 23. a4 Nd7 24. Rad1 Qe6 25. Ng5 Qd6 26. Nf3 h6 27. h3 Qe6 28. Kf1 Rcd8 29. Nh4 Kh7 30. f4 Nf6 31. Nf3 Bf8 32. Ne5 Bb4 33. Nc6 Rc8 34. Re2 Bxc3 35. Qxc3 Ne4 36. Qe1 Rxc6 37. bxc6 Qxc6 38. Ra1 Rc8 39. g4 Qf6 40. Kg2 c3 41. Rc2 Rc4 42. Ra3 Qe7 43. Raa2 Rc6 44. Kh2 1/2-1/2

[Event "Bari op"]
[Site "Bari"]
[Date "2005.01.30"]
[Round "5"]
[White "Garrapa, Gianluigi"]
[Black "Crudele, Michele"]
[Result "0-1"]
[WhiteElo "1981"]
[BlackElo "1897"]
[PlyCount "114"]
[EventDate "2005.01.22"]
[EventType "swiss"]
[EventRounds "6"]
[EventCountry "ITA"]
[SourceTitle "EXT 2007"]
[Source "ChessBase"]
[SourceDate "2006.11.23"]
[SourceVersion "1"]
[SourceVersionDate "2006.11.23"]
[SourceQuality "1"]

1. e4 Nc6 2. d4 d5 3. e5 Bf5 4. Nf3 e6 5. Bd3 Nge7 6. c3 Qd7 7. 0-0 h6 8. Na3 g5 9. Nc2 Bxd3 10. Qxd3 Ng6 11. Nfe1 Be7 12. f4 gxf4 13. Bxf4 0-0-0 14. Bg3 Bg5 15. Nf3 Be7 16. Nfe1 Rdf8 17. Ne3 h5 18. h3 Rhg8 19. Bh2 Bg5 20. N1c2 Rg7 21. Qe2 Rh8 22. b4 Nce7 23. a4 Nh4 24. b5 Rhg8 25. Rf2 Nhf5 26. Nxf5 Nxf5 27. Rf3 Bh4 28. Ne3 Nxe3 29. Rxe3 Qe7 30. Ra2 Rxg2+ 31. Qxg2 Rxg2+ 32. Rxg2 Qa3 33. Rg8+ Kd7 34. Rf3 Qc1+ 35. Rf1 Qe3+ 36. Kg2 Qe2+ 37. Kg1 Qe3+ 38. Kg2 Qe4+ 39. Kg1 Qh7 40. Ra8 Qg6+ 41. Kh1 Qe4+ 42. Kg1 Qe3+ 43. Kg2 Ke7 44. Rxa7 Qxc3 45. Rxb7 Qc2+ 46. Kg1 Qg6+ 47. Kh1 Qe4+ 48. Kg1 Qxd4+ 49. Kg2 Qe4+ 50. Kg1 Qe3+ 51. Kg2 Qe4+ 52. Kg1 Qg6+ 53. Kh1 Kd8 54. b6 Qe4+ 55. Kg1 Be7 56. Rb8+ Kd7 57. Rxf7 Qg6+ 0-1

[Event "Bari op"]
[Site "Bari"]
[Date "2003.01.26"]
[Round "6"]
[White "Garrapa, Gianluigi"]
[Black "Campanile, Antonio"]
[Result "1-0"]
[WhiteElo "1864"]
[BlackElo "2180"]
[PlyCount "49"]
[EventDate "2003.01.18"]
[EventType "swiss"]
[EventRounds "6"]
[EventCountry "ITA"]
[SourceTitle "EXT 2023"]
[Source "ChessBase"]
[SourceDate "2022.10.05"]
[SourceVersion "1"]
[SourceVersionDate "2022.10.05"]
[SourceQuality "1"]

1. e4 d5 2. exd5 Qxd5 3. Nc3 Qd6 4. d4 Nf6 5. Bd3 Nc6 6. Nge2 Bg4 7. f3 Bh5 8. Bf4 Qd7 9. Qd2 0-0-0 10. 0-0-0 e6 11. Bb5 a6 12. Ba4 b5 13. Bb3 Na5 14. Bg3 Qc6 15. Nf4 Bg6 16. Nxg6 hxg6 17. Qe2 Be7 18. Be5 Rh7 19. Rhe1 Bb4 20. Rd3 Nd7 21. d5 Nxb3+ 22. axb3 Qb6 23. dxe6 Qxe6 24. Qe4 Bd6 25. Rxd6 1-0